• 首页
  • 本馆介绍
  • 公告通知
  • 最新文献
  • 馆藏检索
  • 电子资源
  • 读者导购
  • 参考咨询
  • 我的图书馆
  • 登录
  • 详细信息显示
  • 放入我的书架
  • 预约/预借图书
  • 作者相关作品
  • 分类相关作品
  • 丛书相关作品
  • 出版社相关作品

书目信息

  • 表格格式
  • 工作单格式
  • 卡片格式
题名:
古代文明
    
 
作者: 黄英 , 胡允桓 编撰 ;海雷曼 摄影
分册:  
出版信息: 北京   中国旅游出版社  2004
页数: 150页
开本: 23cm
丛书名: 世界遗产之旅系列
单 册:
中图分类: K917
科图分类:
主题词: 名胜古迹 , 名胜古迹--简介--世界
电子资源:
ISBN: 7-5032-2349-9
000 01414nam0 2200397 450
000 01377nam0 2200385 450
000 01356nam0 2200385 450
000 01319nam0 2200373 450
000 01337nam0 2200361 450
000 01300nam0 2200349 45
001 TS2006004200
005 20061210163414.35
010    @a7-5032-2349-9@dCNY38.00
092    @aCN@bTS01-004410
100    @a20060829d2004 em y0chiy0110 ea
101 0  @achi
102    @aCN@b110000
105    @aa z 000yy
200 1  @a古代文明@Agu dai wen ming@f胡允桓,黄英编撰@gTim Heirman等摄影
210    @a北京@c中国旅游出版社@d2004
215    @a150页@c照片@d23cm
225 2  @a世界遗产之旅系列
305    @a台湾风景文化事业股份有限公司授权出版
330    @a本书介绍了沙漠中的奇迹—埃及金字塔、神与法老的永生之乡—底比斯神庙与帝王谷、古希腊建筑的经典—雅典卫城、重现古罗马人生活的古城—庞贝、始皇帝的地下军团—秦始皇陵与兵马俑坑等。
410  0 @12001 @a世界遗产之旅系列
510 1  @aAncient Civilization@zeng
606 0  @a名胜古迹
606 0  @a名胜古迹@x简介@y世界
690    @aK917@v4
701  0 @a黄英@Ahuang ying@c(法学)@4编撰
701  0 @a胡允桓@Ahu yun huan@4编撰
702  0 @c(比)@a海雷曼@Ahai lei man@c(Heirman, Tim)@4摄影
801  0 @aCN@b中图数据@c20061210
905    @a10447@dK917@e103:4
    
    古代文明/胡允桓,黄英编撰/Tim Heirman等摄影.-北京:中国旅游出版社,2004
    150页:照片;23cm.-(世界遗产之旅系列)
    
    
    ISBN 7-5032-2349-9:CNY38.00
    本书介绍了沙漠中的奇迹—埃及金字塔、神与法老的永生之乡—底比斯神庙与帝王谷、古希腊建筑的经典—雅典卫城、重现古罗马人生活的古城—庞贝、始皇帝的地下军团—秦始皇陵与兵马俑坑等。
●
相关链接 在E读中查询图书 在五车中查询图书 在当当中查询图书 在豆瓣中查询图书


正题名:古代文明     索取号:K917/103:4         预约/预借

序号 登录号 条形码 馆藏地/架位号 状态 备注
1 0600556   206005561   第二样本阅览室/ [索取号:K917/103:4] 在馆    
2 0600557   206005570   第二借阅区/ [索取号:K917/103:4] 在馆    
3 0600558   206005589   第二借阅区/ [索取号:K917/103:4] 在馆    
4 0600559   206005598   第二借阅区/ [索取号:K917/103:4] 在馆    
5 0600560   206005605   第二借阅区/ [索取号:K917/103:4] 在馆    
唐山师范学院图书馆 欢迎您!
大连网信软件有限公司© 版权所有